000
00336nam a22001457a 4500
008
210429b ||||| |||5| 00| 0 eng d
020
_a
978072168687
041
_a
eng
080
_2
3rd
_a
610.73
082
_a
610.73
100
_a
1
101
_a
INF
245
_a
Introduction to Critical Care Nursing
_c
Sole,M.L
942
_2
udc
_c
BK
999
_c
56994
_d
56994